01146nam a2200241 a 450000100100000000500170001000800410002702000150006804000250008310000200010824501320012826001250026030000210038549000280040649000970043450400730053150400320060450000780063670000350071470000300074983000970077983000280087600004326120201002040752.0140303s2006 sp 000 0 spa d a8483470004 aDO-SdBNPbspacBNPHU1 aPalerm, Ángel10aÁngel Palerm /cÁngel Palerm: prólogo de Juan Maestre Alfonso ; ensayo introductorio y notas de Alba González Jácome. aMadrid :bAgencia Española de Cooperación Internacional, Ministerio de Asuntos Exteriores y de Cooperación,c2006. a198 p. ;c23 cm.1 aCiencias y humanismov81 aAntología del pensamiento político social y económico español sobre América Latina aIncluye referencias bibliográficas y notas al pie de las páginas aBibliografía : p. 196-198 aIncluye datos biográficos de la compiladora en la solapa de la cubierta1 aMaestre Alfonso, Juanepról.1 aGonzález Jácome, Alba 0aAntología del pensamiento político social y económico español sobre América Latina 0aCiencias y humanismov8